Social Policy : (Record no. 619579)

MARC details
000 -LEADER
fixed length control field 00440nam a2200169 a 4500
008 - FIXED-LENGTH DATA ELEMENTS--GENERAL INFORMATION
fixed length control field 260416s2007##################000#0#eng##
020 ## - INTERNATIONAL STANDARD BOOK NUMBER
ISBN 9780335218745
082 04 - DEWEY DECIMAL CLASSIFICATION NUMBER
Classification number 361.610941
Item number BLA
100 1# - MAIN ENTRY--AUTHOR NAME
Personal name Blakemore, Ken,
245 10 - TITLE STATEMENT
Title Social Policy :
260 ## - PUBLICATION, DISTRIBUTION, ETC. (IMPRINT)
Name of publisher Open University Press,
Year of publication 2007.
942 ## - ADDED ENTRY ELEMENTS (KOHA)
Koha item type English Books
Holdings
Withdrawn status Lost status Damaged status Not for loan Home library Current library Shelving location Date acquired Full call number Accession Number Price effective from Koha item type
        Anna Centenary Library Anna Centenary Library 4TH FLOOR, A WING 16.04.2026 361.610941 BLA 254786 16.04.2026 English Books

Find us on the map